| 000 | 00404nam a22001577a 4500 | ||
|---|---|---|---|
| 003 | NUST - PNEC | ||
| 005 | 20170116180901.0 | ||
| 008 | 150901b xxu||||| |||| 00| 0 eng d | ||
| 020 | _a0852263225 | ||
| 040 | _cLibrary | ||
| 082 | _2620.11GOP | ||
| 100 |
_96352 _aGopinathan, V |
||
| 245 |
_aPlasticity theory and its application in metal forming _cV Gopinathan |
||
| 260 | _cc1982. | ||
| 942 |
_2ddc _cBK |
||
| 999 |
_c64973 _d64973 |
||